Online Catalogue and eLibrary

Faith and polity : (Record no. 516)

MARC details
000 -LEADER
fixed length control field 00645nam a2200217 a 4500
001 - CONTROL NUMBER
control field 4408245
005 - DATE AND TIME OF LATEST TRANSACTION
control field 20240229023629.0
008 - FIXED-LENGTH DATA ELEMENTS--GENERAL INFORMATION
fixed length control field 921023s1992 ne b 000 0 eng
020 ## - INTERNATIONAL STANDARD BOOK NUMBER
ISBN 9053830804
040 ## - CATALOGING SOURCE (பட்டியலாக்க மூலம்)
Original cataloging agency DLC
Transcribing agency DLC
082 00 - DDC Classification
Class No. 322.1.
DDC Edition Number 20
Item Number - Author Mark FAI.
245 00 - TITLE STATEMENT
Title Faith and polity :
Remainder of title essays on religion and politics /
Statement of responsibility, etc. editors, Mart Bax, Peter Kloos, Adrianus Koster.
260 ## - PUBLICATION, DISTRIBUTION, ETC.
Place of publication, distribution, etc. Amsterdam :
Name of publisher, distributor, etc. VU University Press,
Date of publication, distribution, etc. 1992.
300 ## - PHYSICAL DESCRIPTION
Extent (e.g. Volumes, Pages etc.) xiii, 252 p. ;
650 #0 - SUBJECT ADDED ENTRY--TOPICAL TERM
Topical term or geographic name entry element Religion and state.
650 #0 - SUBJECT ADDED ENTRY--TOPICAL TERM
Topical term or geographic name entry element Religion and politics.
700 1# - ADDED ENTRY--PERSONAL NAME
Personal name Bax, Mart.
Relator term (Role) Editor
700 1# - ADDED ENTRY--PERSONAL NAME
Personal name Kloos, Peter.
Relator term (Role) Editor
700 1# - ADDED ENTRY--PERSONAL NAME
Personal name Koster, Adrianus,
Relator term (Role) Editor
942 ## - Koha item type (Biblio)
Koha item type Books in Stacks (Lending)
Holdings
Lost status Damaged status Collection code Home library Current library Date acquired Full call number Accession Number Item type
    Lending WERC Library WERC Library 02/29/2024 322.1. FAI. 1141 Books in Stacks (Lending)

© WERC Library